| 000 | 00602nam a22001937a 4500 | ||
|---|---|---|---|
| 005 | 20251108172102.0 | ||
| 008 | 250721s2000 xx 000 0 ara d | ||
| 082 | 1 | 4 | _aم/413.3/نوا |
| 100 | 1 | _aالنوايسة، نايف | |
| 245 | 1 | 0 | _aمعجم أسماء الأدوات و اللوازم في التراث العربي / |
| 264 | 1 |
_aعمان : _bوزارة الثقافة، _c2000. |
|
| 300 | _a644ص. | ||
| 490 | 0 | _aكتاب الشهر ؛ 5 | |
| 650 | 1 | 7 | _aاللغة العربية |
| 650 | 1 | 7 | _aعلم المعاجم |
| 650 | 1 | 7 | _aالمعاني |
| 942 |
_2ddc _cREF |
||
| 999 |
_c70085 _d70085 |
||